Statistics for All Total Drama Characters TDI-TDPRR

Click here to take the quiz!

General Stats

  • This quiz has been taken 66 times
  • The average score is 50 of 88

Answer Stats

AnswerTDITDATDWTTDROTITDASTDPITDPRR% Correct
AlejandroN/AN/A1st/2ndN/A6thN/AN/A
89%
Duncan4th (b)1st/2nd19th/5thN/A8thN/AN/A
89%
Beth16th1st/2ndN/AN/AN/AN/AN/A
86%
Courtney14th4th7th/6thN/A5thN/AN/A
86%
Gwen1st/2nd12th9thN/A4thN/AN/A
86%
Owen1st/2nd3rd8thN/AN/AN/A9th
86%
Geoff6th15th/16thN/AN/AN/AN/A7th/1st/2nd
83%
Heather3rd9th1st/2ndN/A10thN/AN/A
83%
Izzy18th/7th14th/10th13thN/AN/AN/AN/A
83%
Lindsay9th6th14thN/A14thN/AN/A
83%
Bridgette10th15th/16th16thN/AN/AN/AN/A
80%
ChrisHostHostHostHostHostHostN/A
80%
Cody17thN/A3rdN/AN/AN/AN/A
80%
Harold13th5th17thN/AN/AN/AN/A
80%
DJ8th11th12thN/AN/AN/AN/A
77%
Eva23rd/12thN/AN/AN/AN/AN/AN/A
77%
Justin21st7thN/AN/AN/AN/AN/A
77%
Katie20thN/AN/AN/AN/AN/AN/A
77%
Noah22ndN/A11thN/AN/AN/A9th
77%
Ezekiel24thN/A18thN/AN/AN/AN/A
74%
Leshawna5th8th15thN/AN/AN/AN/A
74%
Sadie15thN/AN/AN/AN/AN/AN/A
71%
AmyN/AN/AN/AN/AN/A12thN/A
69%
CameronN/AN/AN/A1st/2nd7thN/AN/A
69%
DakotaN/AN/AN/A13th/7thN/AN/AN/A
69%
JoN/AN/AN/A5th12thN/AN/A
69%
SierraN/AN/A4thN/A9thN/AN/A
69%
Trent11th13thN/AN/AN/AN/AN/A
69%
Anne-MariaN/AN/AN/A9th/8thN/AN/AN/A
66%
BrickN/AN/AN/A9th/8thN/AN/AN/A
66%
DawnN/AN/AN/A11thN/AN/AN/A
66%
Tyler19thN/A10thN/AN/AN/AN/A
66%
ZoeyN/AN/AN/A3rd1st/2ndN/AN/A
63%
BeardoN/AN/AN/AN/AN/A14thN/A
60%
BlaineleyN/AN/A7th/6thN/AN/AN/AN/A
60%
Chef HatchetCo-HostCo-HostCo-HostCo-HostCo-HostCo-HostN/A
60%
EllaN/AN/AN/AN/AN/A9thN/A
60%
EmmaN/AN/AN/AN/AN/AN/A4th
60%
JasmineN/AN/AN/AN/AN/A4thN/A
60%
MikeN/AN/AN/A6th1st/2ndN/AN/A
60%
LightningN/AN/AN/A1st/2nd13thN/AN/A
57%
MaxN/AN/AN/AN/AN/A6th/5thN/A
57%
SamN/AN/AN/A10th11thN/AN/A
57%
KittyN/AN/AN/AN/AN/AN/A4th
54%
ScarlettN/AN/AN/AN/AN/A6th/5thN/A
54%
ScottN/AN/AN/A4th3rdN/AN/A
54%
ShawnN/AN/AN/AN/AN/A1st/2ndN/A
54%
StaciN/AN/AN/A14thN/AN/AN/A
54%
SugarN/AN/AN/AN/AN/A3rdN/A
54%
BrodyN/AN/AN/AN/AN/AN/A7th/1st/2nd
51%
DaveN/AN/AN/AN/AN/A7thN/A
51%
LeonardN/AN/AN/AN/AN/A13th19th
51%
BeverlyN/AN/AN/A12thN/AN/AN/A
49%
RodneyN/AN/AN/AN/AN/A11thN/A
49%
SammyN/AN/AN/AN/AN/A10thN/A
49%
CarrieN/AN/AN/AN/AN/AN/A5th
46%
ChetN/AN/AN/AN/AN/AN/A12th/11th
46%
DevinN/AN/AN/AN/AN/AN/A5th
46%
DonN/AN/AN/AN/AN/AN/AHost
46%
JenN/AN/AN/AN/AN/AN/A15th
46%
SkyN/AN/AN/AN/AN/A1st/2ndN/A
46%
EllodyN/AN/AN/AN/AN/AN/A17th
43%
JoseeN/AN/AN/AN/AN/AN/A3rd
43%
LorenzoN/AN/AN/AN/AN/AN/A12th/11th
43%
TopherN/AN/AN/AN/AN/A8thN/A
43%
CrimsonN/AN/AN/AN/AN/AN/A8th
40%
DwayneN/AN/AN/AN/AN/AN/A10th
40%
GerryN/AN/AN/AN/AN/AN/A18th
40%
JacquesN/AN/AN/AN/AN/AN/A3rd
40%
KellyN/AN/AN/AN/AN/AN/A14th
40%
StephanieN/AN/AN/AN/AN/AN/A6th
40%
TomN/AN/AN/AN/AN/AN/A15th
40%
JuniorN/AN/AN/AN/AN/AN/A10th
37%
LaurieN/AN/AN/AN/AN/AN/A16th
37%
MacArthurN/AN/AN/AN/AN/AN/A1st/2nd
37%
RockN/AN/AN/AN/AN/AN/A12th/11th
37%
EnnuiN/AN/AN/AN/AN/AN/A8th
34%
MickeyN/AN/AN/AN/AN/AN/A13th
34%
RyanN/AN/AN/AN/AN/AN/A6th
34%
SandersN/AN/AN/AN/AN/AN/A1st/2nd
34%
SpudN/AN/AN/AN/AN/AN/A12th/11th
34%
TammyN/AN/AN/AN/AN/AN/A19th
34%
JayN/AN/AN/AN/AN/AN/A13th
31%
MaryN/AN/AN/AN/AN/AN/A17th
31%
MilesN/AN/AN/AN/AN/AN/A16th
31%
PeteN/AN/AN/AN/AN/AN/A18th
31%
TaylorN/AN/AN/AN/AN/AN/A14th
31%
Mr. Coconut4th (a)N/AN/AN/AN/AN/AN/A
26%

Score Distribution

Percentile by Number Answered

Percent of People with Each Score

Your Score History

You have not taken this quiz